[Event "New Delhi Parsvnath op-A 17th"]
[Site "New Delhi"]
[Date "2019.01.11"]
[Round "4"]
[White "Ziatdinov, Raset"]
[Black "Girish, A Koushnik"]
[Result "1/2-1/2"]
[WhiteElo "2248"]
[BlackElo "2411"]
[PlyCount "123"]
[EventDate "2019.01.09"]
[EventType "swiss"]
[EventRounds "10"]
[EventCountry "IND"]
[SourceTitle "CBM 188 Extra"]
[Source "ChessBase"]
[SourceDate "2019.02.26"]
[SourceVersion "1"]
[SourceVersionDate "2019.02.26"]
[SourceQuality "1"]

1. e4 e5 2. Nf3 Nc6 3. Bb5 a6 4. Ba4 g6 5. d4 exd4 6. Nxd4 Bg7 7. Nxc6 dxc6 8.
Qxd8+ Kxd8 9. Bb3 Nf6 10. Nc3 Ke7 11. Bg5 h6 12. Bh4 Re8 13. Bg3 Kf8 14. f3 Be6
15. Bxc7 Bxb3 16. axb3 Nd5 17. Ba5 Ne3 18. Kd2 Nxg2 19. Bc7 Rac8 20. Bd6+ Kg8
21. Bg3 h5 22. Rhg1 Bh6+ 23. Ke2 Ne3 24. Rac1 b5 25. Kf2 Rcd8 26. f4 Ng4+ 27.
Kf3 b4 28. Na4 Rd4 29. e5 Bf8 30. h3 Nh6 31. Bf2 Rd2 32. Be3 Rdd8 33. Rcd1 Nf5
34. Bb6 Rd5 35. c4 bxc3 36. bxc3 Rb5 37. b4 Rb8 38. Ba7 Ra8 39. Rd7 a5 40. e6
Be7 41. Bc5 Re8 42. c4 Rbb8 43. bxa5 Rb3+ 44. Ke2 Bf6 45. a6 Rxe6+ 46. Kd2 Re8
47. a7 Rxh3 48. Rb7 Rh2+ 49. Kc1 Kg7 50. Rb8 Ree2 51. a8=Q Rc2+ 52. Kb1 Ra2 53.
Rg8+ Kh7 54. Nb6 Rhb2+ 55. Kc1 Rc2+ 56. Kd1 Rd2+ 57. Kc1 Rac2+ 58. Kb1 Rb2+ 59.
Kc1 Rdc2+ 60. Kd1 Rd2+ 61. Kc1 Rdc2+ 62. Kd1 1/2-1/2

[Event "New Delhi Parsvnath op-A 17th"]
[Site "New Delhi"]
[Date "2019.01.12"]
[Round "5"]
[White "Girish, A Koushnik"]
[Black "Varga, Klara"]
[Result "1-0"]
[WhiteElo "2411"]
[BlackElo "2244"]
[PlyCount "49"]
[EventDate "2019.01.09"]
[EventType "swiss"]
[EventRounds "10"]
[EventCountry "IND"]
[SourceTitle "CBM 188 Extra"]
[Source "ChessBase"]
[SourceDate "2019.02.26"]
[SourceVersion "1"]
[SourceVersionDate "2019.02.26"]
[SourceQuality "1"]

1. Nf3 d5 2. c4 c6 3. e3 Nf6 4. Nc3 e6 5. Qc2 Nbd7 6. d4 Bd6 7. Bd3 dxc4 8.
Bxc4 e5 9. O-O O-O 10. Bb3 Qe7 11. h3 e4 12. Ng5 c5 13. Ngxe4 Bb8 14. Re1 b6
15. Nd5 Qd8 16. Nexf6+ Nxf6 17. e4 h6 18. Nxf6+ Qxf6 19. Bd5 cxd4 20. Bxa8 g5
21. Bd5 Bxh3 22. gxh3 Qf3 23. Qe2 Qxh3 24. e5 Rd8 25. Qf3 1-0

[Event "New Delhi Parsvnath op-A 17th"]
[Site "New Delhi"]
[Date "2019.01.13"]
[Round "7"]
[White "Girish, A Koushnik"]
[Black "Predke, Alexandr"]
[Result "1-0"]
[WhiteElo "2411"]
[BlackElo "2620"]
[PlyCount "115"]
[EventDate "2019.01.09"]
[EventType "swiss"]
[EventRounds "10"]
[EventCountry "IND"]
[SourceTitle "CBM 188 Extra"]
[Source "ChessBase"]
[SourceDate "2019.02.26"]
[SourceVersion "1"]
[SourceVersionDate "2019.02.26"]
[SourceQuality "1"]

1. d4 Nf6 2. c4 b6 3. Nc3 Bb7 4. Nf3 e6 5. a3 g6 6. Qc2 Bxf3 7. gxf3 c5 8. d5
Bg7 9. Bg5 h6 10. Bh4 exd5 11. Nxd5 g5 12. Bg3 Nxd5 13. cxd5 Qf6 14. Rb1 d6 15.
h4 Nd7 16. Bh3 b5 17. Qe4+ Ne5 18. h5 O-O 19. f4 Nc4 20. fxg5 Qxg5 21. Bf4 Rae8
22. Qf5 Qe7 23. e3 Kh8 24. Bf1 Qe4 25. Qxe4 Rxe4 26. Bd3 Rxf4 27. exf4 Re8+ 28.
Kd1 Nxb2+ 29. Kc2 Nxd3 30. Kxd3 c4+ 31. Kd2 Rb8 32. Rhe1 Bd4 33. Re4 c3+ 34.
Kc2 Bf6 35. Ra4 Rb7 36. Ra6 Re7 37. Rxd6 Re2+ 38. Kb3 Bd4 39. Rxh6+ Kg7 40. Rc6
Rd2 41. d6 Kh7 42. a4 bxa4+ 43. Kxa4 Bxf2 44. Kb3 Bd4 45. Re1 Bf6 46. Re8 c2
47. Rxc2 Rxd6 48. Rc7 Kg7 49. Rxa7 Rd3+ 50. Kc2 Rc3+ 51. Kd2 Rh3 52. Re3 Rxh5
53. Rg3+ Kh6 54. Ra6 Rf5 55. Ke3 Kh5 56. Ke4 Bh4 57. Kxf5 Bxg3 58. Ra1 1-0

[Event "New Delhi Parsvnath op-A 17th"]
[Site "New Delhi"]
[Date "2019.01.14"]
[Round "8"]
[White "Sunilduth Lyna, Narayanan"]
[Black "Girish, A Koushnik"]
[Result "1-0"]
[WhiteElo "2575"]
[BlackElo "2411"]
[PlyCount "135"]
[EventDate "2019.01.09"]
[EventType "swiss"]
[EventRounds "10"]
[EventCountry "IND"]
[SourceTitle "CBM 188 Extra"]
[Source "ChessBase"]
[SourceDate "2019.02.26"]
[SourceVersion "1"]
[SourceVersionDate "2019.02.26"]
[SourceQuality "1"]

1. e4 e5 2. Nf3 Nc6 3. Bb5 a6 4. Ba4 d6 5. O-O Bd7 6. c3 g6 7. d4 Bg7 8. Re1
Nf6 9. h3 O-O 10. Nbd2 Re8 11. Bc2 b6 12. Nf1 Qe7 13. Ng3 Qf8 14. Bg5 h6 15.
Be3 Rad8 16. Qe2 a5 17. dxe5 Nxe5 18. Nd4 d5 19. f4 Nc4 20. e5 c5 21. Nf3 Nxe3
22. Qxe3 d4 23. cxd4 Nd5 24. Qd2 cxd4 25. Bb3 Be6 26. Ba4 Bd7 27. Bxd7 Rxd7 28.
Re4 Nb4 29. f5 d3 30. Kh1 Qc5 31. a3 Nc6 32. f6 Bf8 33. Rc1 Qd5 34. Qe3 Re6 35.
Rd1 Qc5 36. Qf4 Rd5 37. Nf1 Nxe5 38. Ne3 Nxf3 39. Rxe6 Re5 40. Rxe5 Nxe5 41.
Qe4 Qd6 42. Nd5 Nd7 43. Ne7+ Kh7 44. Qxd3 Qxd3 45. Rxd3 Nxf6 46. Nc6 Kg7 47. b4
axb4 48. axb4 Ne4 49. Rd7 Nd6 50. Rd8 Nc4 51. Kg1 h5 52. Kf2 Bd6 53. Ke2 Bg3
54. Rd7 Ne5 55. Nxe5 Bxe5 56. Kd3 Bh2 57. Kc4 Bg1 58. Kd5 h4 59. Ke5 Bf2 60.
Rb7 Bg3+ 61. Kd5 Bf2 62. b5 g5 63. Kc6 Kg6 64. Rxb6 Bxb6 65. Kxb6 f5 66. Kc5 g4
67. b6 f4 68. b7 1-0

[Event "Chennai op 11th"]
[Site "Chennai"]
[Date "2019.01.18"]
[Round "1"]
[White "Giri, Abhishek"]
[Black "Megaranto, Susanto"]
[Result "0-1"]
[WhiteElo "1601"]
[BlackElo "2530"]
[PlyCount "48"]
[EventDate "2019.01.18"]
[EventType "swiss"]
[EventRounds "10"]
[EventCountry "IND"]
[SourceTitle "CBM 188 Extra"]
[Source "ChessBase"]
[SourceDate "2019.02.26"]
[SourceVersion "1"]
[SourceVersionDate "2019.02.26"]
[SourceQuality "1"]

1. e4 g6 2. d4 Bg7 3. Nf3 d6 4. h3 Nf6 5. Bd3 O-O 6. Be3 Nc6 7. Qd2 e5 8. d5
Ne7 9. c4 Nxe4 10. Bxe4 f5 11. Nc3 fxe4 12. Nxe4 Nf5 13. Bg5 Qe8 14. g4 Nd4 15.
Nxd4 exd4 16. Qd3 b5 17. cxb5 Bb7 18. O-O Bxd5 19. f3 a6 20. b6 c5 21. Nxd6 Qe5
22. Ne4 Bxe4 23. fxe4 Qxg5 24. Rxf8+ Rxf8 0-1

[Event "Chennai op 11th"]
[Site "Chennai"]
[Date "2019.01.20"]
[Round "4"]
[White "Girish, A Koushnik"]
[Black "Deepan Chakkravarthy, J."]
[Result "1-0"]
[WhiteElo "2411"]
[BlackElo "2543"]
[PlyCount "89"]
[EventDate "2019.01.18"]
[EventType "swiss"]
[EventRounds "10"]
[EventCountry "IND"]
[SourceTitle "CBM 188 Extra"]
[Source "ChessBase"]
[SourceDate "2019.02.26"]
[SourceVersion "1"]
[SourceVersionDate "2019.02.26"]
[SourceQuality "1"]

1. d4 d5 2. Nf3 Nf6 3. c4 dxc4 4. e3 e6 5. Bxc4 a6 6. O-O c5 7. Qe2 b5 8. Bb3
Bb7 9. Rd1 Nbd7 10. Nc3 Be7 11. e4 b4 12. e5 bxc3 13. exf6 Nxf6 14. Ba4+ Kf8
15. bxc3 Qa5 16. Bb3 cxd4 17. Nxd4 Qh5 18. Qxh5 Nxh5 19. c4 Nf6 20. f3 Bc5 21.
Kf1 Ke7 22. Ba4 Rac8 23. Nb3 Bb4 24. Rb1 Ba8 25. Na5 Bd6 26. Rb6 Bc5 27. Rxa6
Rhd8 28. Rxd8 Rxd8 29. Ke2 Rc8 30. Bc6 Bxc6 31. Rxc6 Kd7 32. Rxc8 Kxc8 33. Nb3
Bd6 34. h3 Nd7 35. Be3 h5 36. c5 Bg3 37. Bd4 g5 38. Kd3 f5 39. a4 e5 40. Be3
Bh4 41. a5 Kb7 42. Kc4 g4 43. Kb5 gxh3 44. c6+ Kc7 45. gxh3 1-0

[Event "Chennai op 11th"]
[Site "Chennai"]
[Date "2019.01.21"]
[Round "5"]
[White "Popov, Ivan1"]
[Black "Girish, A Koushnik"]
[Result "1/2-1/2"]
[WhiteElo "2588"]
[BlackElo "2411"]
[PlyCount "60"]
[EventDate "2019.01.18"]
[EventType "swiss"]
[EventRounds "10"]
[EventCountry "IND"]
[SourceTitle "CBM 188 Extra"]
[Source "ChessBase"]
[SourceDate "2019.02.26"]
[SourceVersion "1"]
[SourceVersionDate "2019.02.26"]
[SourceQuality "1"]

1. e4 e5 2. Nf3 Nc6 3. Bb5 a6 4. Ba4 Nf6 5. O-O Be7 6. Bxc6 dxc6 7. d3 Nd7 8.
Nc3 O-O 9. Be3 Re8 10. Kh1 Bf6 11. h3 Nf8 12. Nh2 g6 13. f4 exf4 14. Bxf4 Ne6
15. Bh6 Nd4 16. Qd2 Bg7 17. Bxg7 Kxg7 18. Rf4 Ne6 19. Rf3 Nd4 20. Rf4 Ne6 21.
Rf2 Qg5 22. Qxg5 Nxg5 23. Raf1 Re7 24. h4 Ne6 25. Ne2 c5 26. g4 h6 27. Kg2 b5
28. Kg3 Bb7 29. Nf4 Nxf4 30. Rxf4 c4 1/2-1/2

[Event "Chennai op 11th"]
[Site "Chennai"]
[Date "2019.01.21"]
[Round "6"]
[White "Paichadze, Luka"]
[Black "Girish, A Koushnik"]
[Result "1-0"]
[WhiteElo "2583"]
[BlackElo "2411"]
[PlyCount "55"]
[EventDate "2019.01.18"]
[EventType "swiss"]
[EventRounds "10"]
[EventCountry "IND"]
[SourceTitle "CBM 188 Extra"]
[Source "ChessBase"]
[SourceDate "2019.02.26"]
[SourceVersion "1"]
[SourceVersionDate "2019.02.26"]
[SourceQuality "1"]

1. e4 e5 2. Nf3 Nc6 3. Bb5 a6 4. Bxc6 dxc6 5. O-O Bg4 6. h3 h5 7. c3 Qd3 8. Re1
Bxf3 9. Qxf3 Qxf3 10. gxf3 O-O-O 11. Kf1 Ne7 12. Ke2 Ng6 13. d3 Be7 14. Be3 c5
15. Nd2 b6 16. a4 a5 17. Rg1 Rd7 18. Nc4 Bf6 19. Rab1 Rhd8 20. b4 Rxd3 21. bxc5
bxc5 22. Rb3 Nf4+ 23. Bxf4 exf4 24. e5 Bxe5 25. Nxe5 Rd2+ 26. Kf1 Ra2 27. Kg2
f6 28. Rgb1 1-0

[Event "Chennai op 11th"]
[Site "Chennai"]
[Date "2019.01.22"]
[Round "7"]
[White "Girish, A Koushnik"]
[Black "Kurbonboeva, Sarvinoz"]
[Result "1-0"]
[WhiteElo "2411"]
[BlackElo "2214"]
[PlyCount "95"]
[EventDate "2019.01.18"]
[EventType "swiss"]
[EventRounds "10"]
[EventCountry "IND"]
[SourceTitle "CBM 188 Extra"]
[Source "ChessBase"]
[SourceDate "2019.02.26"]
[SourceVersion "1"]
[SourceVersionDate "2019.02.26"]
[SourceQuality "1"]

1. Nf3 Nf6 2. g3 g6 3. b3 b6 4. Bb2 Bg7 5. Bg2 Bb7 6. c4 c5 7. O-O O-O 8. d4
cxd4 9. Qxd4 Qc7 10. Nc3 Qc5 11. Nd5 Bxd5 12. cxd5 Qxd5 13. Qxd5 Nxd5 14. Bxg7
Kxg7 15. Nh4 e6 16. Rfd1 Na6 17. Bxd5 exd5 18. Rxd5 Rfd8 19. Rad1 Nb4 20. R5d2
Rdc8 21. Nf3 a5 22. Rxd7 Nxa2 23. Ng5 Rc1 24. Rxf7+ Kg8 25. Rxc1 Nxc1 26. Rb7
Nxb3 27. Nxh7 Nc5 28. Nf6+ Kf8 29. Rxb6 a4 30. Rb5 Nb3 31. Nd7+ Kg7 32. Rb7 Kg8
33. Nb6 Nc5 34. Rc7 Ra5 35. Nc4 Rb5 36. h4 Ne4 37. Kg2 Rb1 38. Ra7 Nc3 39. e3
Ra1 40. f4 Nb1 41. g4 a3 42. h5 gxh5 43. gxh5 a2 44. h6 Na3 45. Rxa3 Rc1 46.
Rxa2 Rxc4 47. Kf3 Kh7 48. Ra6 1-0

[Event "Chennai op 11th"]
[Site "Chennai"]
[Date "2019.01.23"]
[Round "8"]
[White "Erigaisi, Arjun"]
[Black "Girish, A Koushnik"]
[Result "0-1"]
[WhiteElo "2548"]
[BlackElo "2411"]
[PlyCount "98"]
[EventDate "2019.01.18"]
[EventType "swiss"]
[EventRounds "10"]
[EventCountry "IND"]
[SourceTitle "CBM 188 Extra"]
[Source "ChessBase"]
[SourceDate "2019.02.26"]
[SourceVersion "1"]
[SourceVersionDate "2019.02.26"]
[SourceQuality "1"]

1. c4 e6 2. Nf3 Nf6 3. g3 d5 4. d4 Be7 5. Bg2 O-O 6. O-O dxc4 7. Ne5 Nc6 8.
Nxc6 bxc6 9. Na3 Bxa3 10. bxa3 Rb8 11. Qa4 Rb6 12. Qxc4 Ba6 13. Qc2 Qxd4 14.
Be3 Rb2 15. Qxc6 Qc4 16. Rfc1 Qxc6 17. Bxc6 Bxe2 18. Bxa7 Nd5 19. a4 Rd8 20. a5
Ne7 21. Bg2 Nd5 22. Rcb1 Rxb1+ 23. Rxb1 Kf8 24. Bf1 Bxf1 25. Kxf1 Ke7 26. Rb8
Rxb8 27. Bxb8 Kd7 28. a6 Kc8 29. a7 Kb7 30. Ke2 Nc3+ 31. Kd3 Nb5 32. Kc4 Nxa7
33. Bxa7 Kxa7 34. Kb5 Kb7 35. a4 e5 36. a5 e4 37. g4 h5 38. h3 h4 39. a6+ Ka7
40. Kc6 Kxa6 41. Kxc7 Kb5 42. Kd6 Kc4 43. Ke7 Kd3 44. Kxf7 Ke2 45. Kxg7 Kxf2
46. g5 e3 47. g6 e2 48. Kf7 e1=Q 49. g7 Qg1 0-1

[Event "Chennai op 11th"]
[Site "Chennai"]
[Date "2019.01.24"]
[Round "9"]
[White "Girish, A Koushnik"]
[Black "Rozum, Ivan"]
[Result "0-1"]
[WhiteElo "2411"]
[BlackElo "2589"]
[PlyCount "78"]
[EventDate "2019.01.18"]
[EventType "swiss"]
[EventRounds "10"]
[EventCountry "IND"]
[SourceTitle "CBM 188 Extra"]
[Source "ChessBase"]
[SourceDate "2019.02.26"]
[SourceVersion "1"]
[SourceVersionDate "2019.02.26"]
[SourceQuality "1"]

1. d4 Nf6 2. c4 d6 3. Nc3 e5 4. Nf3 Nc6 5. d5 Ne7 6. e4 Ng6 7. Be2 Be7 8. O-O
h6 9. Ne1 Nf4 10. Bxf4 exf4 11. Nd3 g5 12. e5 dxe5 13. Nxe5 O-O 14. Re1 Nd7 15.
Nd3 Bf6 16. Qc2 Ne5 17. Nxe5 Bxe5 18. c5 Qf6 19. Rad1 Bf5 20. Bd3 Bg4 21. f3
Bd7 22. Ne4 Qg7 23. c6 bxc6 24. dxc6 Be6 25. b3 Rfd8 26. Kh1 Bd4 27. Bc4 Bf5
28. Rd3 Bb6 29. Red1 Rxd3 30. Bxd3 Rd8 31. g4 fxg3 32. Nxg3 Bxd3 33. Rxd3 Re8
34. Rd7 Qf6 35. Kg2 Re1 36. Ne2 g4 37. Qe4 gxf3+ 38. Qxf3 Rxe2+ 39. Qxe2 Qxc6+
0-1

[Event "Chennai op 11th"]
[Site "Chennai"]
[Date "2019.01.25"]
[Round "10"]
[White "Girish, A Koushnik"]
[Black "Saurabh, Anand"]
[Result "1-0"]
[WhiteElo "2411"]
[BlackElo "2210"]
[PlyCount "65"]
[EventDate "2019.01.18"]
[EventType "swiss"]
[EventRounds "10"]
[EventCountry "IND"]
[SourceTitle "CBM 188 Extra"]
[Source "ChessBase"]
[SourceDate "2019.02.26"]
[SourceVersion "1"]
[SourceVersionDate "2019.02.26"]
[SourceQuality "1"]

1. Nf3 d5 2. c4 e6 3. g3 Nf6 4. b3 Be7 5. Bg2 O-O 6. O-O c5 7. Bb2 Nc6 8. e3 d4
9. exd4 cxd4 10. a3 a5 11. Re1 Bc5 12. d3 Re8 13. Nbd2 e5 14. Ng5 Bf5 15. Nge4
Nxe4 16. Nxe4 Bxe4 17. Bxe4 Qd6 18. Bc1 Qd7 19. Ra2 f5 20. Bd5+ Kh8 21. Rae2
Bd6 22. f4 exf4 23. Bxf4 Bxf4 24. gxf4 Ne7 25. Bf7 Qd6 26. Bxe8 Rxe8 27. Re6
Qxf4 28. Qh5 g6 29. Qe2 Kg8 30. Rxe7 Rxe7 31. Qxe7 Qg4+ 32. Kf2 Qf4+ 33. Ke2
1-0

[Event "Shenzhen Du Te Cup 3rd"]
[Site "Shenzhen"]
[Date "2019.04.24"]
[Round "7"]
[White "Harikrishna, Pentala"]
[Black "Giri, Anish"]
[Result "1/2-1/2"]
[WhiteElo "2723"]
[BlackElo "2797"]
[PlyCount "130"]
[EventDate "2019.04.17"]
[EventType "tourn"]
[EventRounds "10"]
[EventCountry "CHN"]
[EventCategory "21"]
[SourceTitle "CBM 190"]
[Source "ChessBase"]
[SourceDate "2019.06.30"]
[SourceVersion "1"]
[SourceVersionDate "2019.06.30"]
[SourceQuality "1"]

1. e4 c5 2. Nf3 d6 3. Bb5+ Nd7 4. O-O a6 5. Bd3 Ngf6 6. c3 b5 7. a4 c4 8. Be2
Bb7 9. axb5 axb5 10. Rxa8 Bxa8 11. Na3 Bxe4 12. Nxb5 d5 13. b3 cxb3 14. Qxb3 e6
15. Ba3 Bxf3 16. Bxf3 Be7 17. Nd6+ Kf8 18. Nb7 Qe8 19. Nd6 Qd8 20. Re1 g6 21.
c4 dxc4 22. Qxc4 Bxd6 23. Bxd6+ Kg7 24. h3 h6 25. Rb1 Qa5 26. d4 e5 27. Bc6 Rc8
28. d5 Ne8 29. Bb4 Qc7 30. Qh4 Nb8 31. Rc1 Nxc6 32. Rxc6 Qd7 33. Qc4 Rxc6 34.
dxc6 Qd4 35. Qb3 Qa1+ 36. Kh2 Qc1 37. Qf3 Qf4+ 38. Qxf4 exf4 39. Bd2 g5 40. Ba5
Kg6 41. c7 Nd6 42. Bb4 Nc8 43. Kg1 Kf5 44. Kf1 Ke6 45. Ke2 Kd7 46. Bf8 h5 47.
Kf3 Kxc7 48. Ke4 Nb6 49. Kf5 g4 50. Kxf4 gxh3 51. gxh3 Kd7 52. Bc5 Nc4 53. Kf5
Kc6 54. Be3 Kd5 55. Bf4 Kd4 56. Bg3 Nd2 57. Kg5 Ke4 58. Kxh5 Kf3 59. h4 Ne4 60.
Be5 Nxf2 61. Kg5 f6+ 62. Bxf6 Ne4+ 63. Kg6 Nxf6 64. Kxf6 Kg4 65. Ke5 Kxh4
1/2-1/2

[Event "Llucmajor op 8th"]
[Site "Llucmajor"]
[Date "2019.05.20"]
[Round "3"]
[White "Petrov, Nikita"]
[Black "Girish, A Koushnik"]
[Result "1/2-1/2"]
[WhiteElo "2610"]
[BlackElo "2444"]
[PlyCount "50"]
[EventDate "2019.05.19"]
[EventType "swiss"]
[EventRounds "9"]
[EventCountry "ESP"]
[SourceTitle "CBM 190 Extra"]
[Source "ChessBase"]
[SourceDate "2019.07.15"]
[SourceVersion "1"]
[SourceVersionDate "2019.07.15"]
[SourceQuality "1"]

1. e4 e5 2. Nf3 Nc6 3. Bb5 a6 4. Ba4 Nf6 5. O-O Be7 6. Re1 b5 7. Bb3 O-O 8. a4
b4 9. d4 d6 10. dxe5 Nxe5 11. Nxe5 dxe5 12. Qe2 Bc5 13. Nd2 a5 14. Nc4 Ng4 15.
Ne3 Qh4 16. h3 Nf6 17. Nf5 Bxf5 18. exf5 Bd4 19. Rb1 Ne8 20. Be3 Nd6 21. Bxd4
exd4 22. Qe5 Qf6 23. Qc5 Qxf5 24. Qxd4 Rae8 25. Rbd1 g6 1/2-1/2

[Event "Llucmajor op 8th"]
[Site "Llucmajor"]
[Date "2019.05.22"]
[Round "5"]
[White "Nasuta, Grzegorz"]
[Black "Girish, A Koushnik"]
[Result "1/2-1/2"]
[WhiteElo "2518"]
[BlackElo "2444"]
[PlyCount "50"]
[EventDate "2019.05.19"]
[EventType "swiss"]
[EventRounds "9"]
[EventCountry "ESP"]
[SourceTitle "CBM 190 Extra"]
[Source "ChessBase"]
[SourceDate "2019.07.15"]
[SourceVersion "1"]
[SourceVersionDate "2019.07.15"]
[SourceQuality "1"]

1. e4 e5 2. Nf3 Nc6 3. Bc4 Bc5 4. c3 Nf6 5. d3 O-O 6. O-O d6 7. Bg5 h6 8. Bh4
a6 9. a4 Ba7 10. Nbd2 Be6 11. b4 Qe7 12. Re1 Bxc4 13. Nxc4 Qe6 14. b5 Ne7 15.
Rb1 Nd7 16. Bxe7 Qxe7 17. d4 Qe6 18. Qd3 Nb6 19. Ne3 a5 20. Rbd1 Rfe8 21. Qc2
Rac8 22. Nd5 exd4 23. Nxb6 d3 24. Qxd3 Bxb6 25. Nd2 Bc5 1/2-1/2

[Event "Llucmajor op 8th"]
[Site "Llucmajor"]
[Date "2019.05.24"]
[Round "7"]
[White "Santos Latasa, Jaime"]
[Black "Girish, A Koushnik"]
[Result "1/2-1/2"]
[WhiteElo "2587"]
[BlackElo "2444"]
[PlyCount "56"]
[EventDate "2019.05.19"]
[EventType "swiss"]
[EventRounds "9"]
[EventCountry "ESP"]
[SourceTitle "CBM 190 Extra"]
[Source "ChessBase"]
[SourceDate "2019.07.15"]
[SourceVersion "1"]
[SourceVersionDate "2019.07.15"]
[SourceQuality "1"]

1. c4 e6 2. Nf3 Nf6 3. Nc3 d5 4. e3 a6 5. b3 b6 6. Bb2 Bb7 7. cxd5 exd5 8. d4
Nbd7 9. g3 Bd6 10. Bg2 O-O 11. O-O Qe7 12. Qc2 Rfe8 13. Rac1 Rad8 14. Nh4 g6
15. Nf3 Ne4 16. Ne2 a5 17. Nf4 c6 18. Nd3 f6 19. Rfe1 Rc8 20. Nd2 Ba6 21. f3
Bxd3 22. Qxd3 Nxd2 23. Qxd2 Bb4 24. Bc3 Qd6 25. Rcd1 f5 26. e4 fxe4 27. fxe4
dxe4 28. Bxe4 Nf6 1/2-1/2

[Event "Llucmajor op 8th"]
[Site "Llucmajor"]
[Date "2019.05.26"]
[Round "9"]
[White "Sumets, Andrey"]
[Black "Girish, A Koushnik"]
[Result "0-1"]
[WhiteElo "2585"]
[BlackElo "2444"]
[PlyCount "86"]
[EventDate "2019.05.19"]
[EventType "swiss"]
[EventRounds "9"]
[EventCountry "ESP"]
[SourceTitle "CBM 190 Extra"]
[Source "ChessBase"]
[SourceDate "2019.07.15"]
[SourceVersion "1"]
[SourceVersionDate "2019.07.15"]
[SourceQuality "1"]

1. d4 Nf6 2. c4 e6 3. Nf3 d5 4. g3 Bb4+ 5. Bd2 Be7 6. Bg2 O-O 7. O-O c6 8. a4
a5 9. Qc2 Na6 10. Rc1 Nb4 11. Bxb4 Bxb4 12. Ne5 Nd7 13. Nd3 Be7 14. Nd2 Nb8 15.
Qc3 Na6 16. c5 b6 17. cxb6 Nb4 18. Ne5 Qxb6 19. Nxc6 Nxc6 20. Qxc6 Rb8 21. Qxb6
Rxb6 22. Rc2 Ba6 23. Bf1 Rfb8 24. Ra2 Rc8 25. Rxc8+ Bxc8 26. e3 Bd7 27. Bd3 h6
28. Kf1 Kf8 29. Ke2 Bb4 30. Kd1 Ke7 31. Nb1 Rb7 32. Nc3 Rc7 33. Nb5 Rc8 34. Ra1
f6 35. Ke2 e5 36. f3 g5 37. Rh1 g4 38. f4 e4 39. Bb1 h5 40. Kd1 h4 41. gxh4 g3
42. Nc3 Bg4+ 43. Ke1 Bf3 0-1

[Event "Budapest FS06 GM"]
[Site "Budapest"]
[Date "2019.06.01"]
[Round "1"]
[White "Girish, A Koushnik"]
[Black "Ilincic, Zlatko"]
[Result "1-0"]
[WhiteElo "2444"]
[BlackElo "2405"]
[PlyCount "111"]
[EventDate "2019.06.01"]
[EventType "tourn"]
[EventRounds "9"]
[EventCountry "HUN"]
[SourceTitle "CBM 190 Extra"]
[Source "ChessBase"]
[SourceDate "2019.07.15"]
[SourceVersion "1"]
[SourceVersionDate "2019.07.15"]
[SourceQuality "1"]

1. Nf3 Nf6 2. c4 e6 3. g3 d5 4. Bg2 c6 5. b3 a5 6. Ba3 Bxa3 7. Nxa3 Qd6 8. Qc1
Nbd7 9. O-O O-O 10. Qb2 b6 11. d4 Ne4 12. Rfd1 Bb7 13. Rac1 f5 14. e3 g5 15.
Nc2 f4 16. exf4 gxf4 17. Nce1 c5 18. dxc5 bxc5 19. cxd5 exd5 20. Nd2 Ng5 21.
Nef3 Nxf3+ 22. Nxf3 fxg3 23. hxg3 Rae8 24. Nh4 Ne5 25. Qd2 a4 26. Bxd5+ Bxd5
27. Qxd5+ Qxd5 28. Rxd5 axb3 29. axb3 Nf3+ 30. Nxf3 Rxf3 31. Rcxc5 Rxb3 32. Rc7
Rb6 33. Rh5 h6 34. Rf5 Rf8 35. Rxf8+ Kxf8 36. Kg2 Kg8 37. Kh3 Rb5 38. f4 Rh5+
39. Kg4 Rb5 40. Kh4 Ra5 41. g4 h5 42. gxh5 Ra1 43. Kg5 Rg1+ 44. Kf6 Rf1 45. f5
Rf2 46. Rg7+ Kh8 47. Rd7 Kg8 48. Rd8+ Kh7 49. Ke6 Kg7 50. h6+ Kh7 51. f6 Re2+
52. Kd7 Rd2+ 53. Ke7 Re2+ 54. Kf8 Ra2 55. f7 Re2 56. Re8 1-0

[Event "Budapest FS06 GM"]
[Site "Budapest"]
[Date "2019.06.02"]
[Round "2"]
[White "Janik, Igor"]
[Black "Girish, A Koushnik"]
[Result "1/2-1/2"]
[WhiteElo "2483"]
[BlackElo "2444"]
[PlyCount "73"]
[EventDate "2019.06.01"]
[EventType "tourn"]
[EventRounds "9"]
[EventCountry "HUN"]
[SourceTitle "CBM 190 Extra"]
[Source "ChessBase"]
[SourceDate "2019.07.15"]
[SourceVersion "1"]
[SourceVersionDate "2019.07.15"]
[SourceQuality "1"]

1. d4 Nf6 2. c4 e6 3. Nf3 d5 4. g3 Be7 5. Bg2 O-O 6. Nc3 dxc4 7. Ne5 Nc6 8.
Bxc6 bxc6 9. Nxc6 Qe8 10. Nxe7+ Qxe7 11. Qa4 c5 12. dxc5 Qxc5 13. Be3 Qh5 14.
Qxc4 Bb7 15. O-O Ng4 16. h4 Nxe3 17. fxe3 Rac8 18. Qf4 Rc5 19. Rad1 Bc6 20. Qd6
h6 21. Rd4 Ba8 22. Rf2 a5 23. Kf1 Rfc8 24. e4 Qg4 25. Qf4 Qg6 26. Rd7 f6 27.
Qd6 Qg4 28. Rd8+ Kh7 29. Rxc8 Rxc8 30. Qd3 e5 31. Qf3 h5 32. Qd3 Rb8 33. b3 Rb4
34. Rf3 Rd4 35. Qc2 Bxe4 36. Nxe4 Qxe4 37. Qxe4+ 1/2-1/2

[Event "Budapest FS06 GM"]
[Site "Budapest"]
[Date "2019.06.03"]
[Round "3"]
[White "Girish, A Koushnik"]
[Black "Liu, Guanchu"]
[Result "1/2-1/2"]
[WhiteElo "2444"]
[BlackElo "2462"]
[PlyCount "52"]
[EventDate "2019.06.01"]
[EventType "tourn"]
[EventRounds "9"]
[EventCountry "HUN"]
[SourceTitle "CBM 190 Extra"]
[Source "ChessBase"]
[SourceDate "2019.07.15"]
[SourceVersion "1"]
[SourceVersionDate "2019.07.15"]
[SourceQuality "1"]

1. d4 e6 2. Nf3 Nf6 3. c4 b6 4. a3 Ba6 5. Qc2 c5 6. d5 exd5 7. cxd5 Bb7 8. e4
Qe7 9. Bd3 Nxd5 10. O-O Nc7 11. Nc3 Nc6 12. Rd1 Ne5 13. Nxe5 Qxe5 14. f4 Qh5
15. Be2 Qh4 16. Nb5 Nxb5 17. Bxb5 O-O-O 18. Qa4 Kb8 19. Bxd7 Bd6 20. g3 Qe7 21.
Bc6 c4 22. Kg2 Bc5 23. Rxd8+ Rxd8 24. f5 Rd4 25. Bf4+ Bd6 26. Rd1 Rxd1 1/2-1/2